000 00589nam a22001697a 4500
005 20251108170921.0
008 250721s1997 xx 000 0 ara d
082 1 4 _a628.5/محم
100 1 _aحسن، محمد إبراهيم
245 1 0 _aالبيئة و التلوث :
_bدراسة تحليلية لأنواع البيئات مظاهر التلوث /
264 1 _aالإسكندرية :
_bمركز الإسكندرية للكتاب،
_c1997.
300 _a366ص
650 1 7 _aتلوث البيئة
650 1 7 _aالهندسة الصحية
942 _2ddc
_cBK
999 _c52073
_d52073